Statistics for 10 Northernmost Countries in Asia

Click here to take the quiz!

General Stats

  • This quiz has been taken 4,502 times
  • The average score is 9 of 10

Answer Stats

LatitudeCountry% Correct
53°34'NChina
98%
52º09'NMongolia
98%
81°51'NRussia
98%
55°43'NKazakhstan
97%
45°31'NJapan
96%
43°00'NNorth Korea
95%
45°36'NUzbekistan
92%
43°16'NKyrgyzstan
90%
42°50'NTurkmenistan
89%
41°53'NAzerbaijan
72%

Score Distribution

Percentile by Number Answered

Percent of People with Each Score

Your Score History

You have not taken this quiz